Tài liệu tham khảo phương pháp giảng dạy Đại học.
Đã lưu trong:
| Định dạng: | Sách giấy |
|---|---|
| Ngôn ngữ: | Vietnamese |
| Được phát hành: |
Tp. Hồ Chí Minh :
Trường Đại học Sư phạm Tp. Hồ Chí Minh,
2005.
|
| Những chủ đề: | |
| Các nhãn: |
Thêm thẻ
Không có thẻ, Là người đầu tiên thẻ bản ghi này!
|
| Thư viện lưu trữ: | Thư viện Trường Đại học Đà Lạt |
|---|
| LEADER | 00774nam a2200289 4500 | ||
|---|---|---|---|
| 001 | DLU120133348 | ||
| 005 | ##20120409 | ||
| 040 | # | # | |a DLU |b vie |
| 041 | # | # | |a vie |
| 044 | # | # | |a vn |
| 082 | # | # | |a 378.12 |b Tai |
| 245 | # | # | |a Tài liệu tham khảo phương pháp giảng dạy Đại học. |
| 260 | # | # | |a Tp. Hồ Chí Minh : |b Trường Đại học Sư phạm Tp. Hồ Chí Minh, |c 2005. |
| 300 | # | # | |a 195 tr. : |b minh hoạ ; |c 30 cm. |
| 504 | # | # | |a Có tài liệu tham khảo. |
| 650 | # | # | |a Giảng dạy ở trường Đại học. |
| 923 | # | # | |a 01/2012SP |
| 991 | # | # | |a SH |
| 992 | # | # | |a 0 |
| 994 | # | # | |a KSP |
| 900 | # | # | |a True |
| 911 | # | # | |a Nguyễn Thanh Hương |
| 925 | # | # | |a G |
| 926 | # | # | |a A |
| 927 | # | # | |a SH |
| 980 | # | # | |a Thư viện Trường Đại học Đà Lạt |